Vista normal Vista MARC

Entrada Nombre Geográfico

Número de registros utilizados en: 14

001 - CONTROL NUMBER

  • control field: 6020

003 - CONTROL NUMBER IDENTIFIER

  • control field: AR-RoUNA

005 - DATE AND TIME OF LATEST TRANSACTION

  • control field: 20170310130338.0

008 - FIXED-LENGTH DATA ELEMENTS

  • fixed length control field: 170310|| aca||aabn | a|a d

040 ## - CATALOGING SOURCE

  • Original cataloging agency: AR-RoUNA
  • Transcribing agency: AR-RoUNA

151 ## - HEADING--GEOGRAPHIC NAME

  • Geographic name: Estados Unidos de América

670 ## - SOURCE DATA FOUND

  • Source citation: Work cat.: (AR-RoUNA): Pratt Institute School of Architecture 6018, Undergraduate Inprocess 20, 2013-2014